[Event "Bergen Grand Prix 2019"]
[Site "Bergen"]
[Date "2019.11.16"]
[Round "2.4"]
[White "Hjornevik, Knut J"]
[Black "Kizatbay, Abyl"]
[Result "0-1"]
[WhiteElo "1807"]
[BlackElo "2113"]
[Annotator "TA"]
[PlyCount "38"]
[EventDate "2019.11.15"]
[EventType "swiss"]
[EventCountry "NOR"]
[SourceTitle "playchess.com"]
[Source "ChessBase"]
[SourceQuality "1"]

{[%evp 15,38,10,24,13,10,5,37,-103,-98,-130,-126,-138,-127,-466,-450,-462,-444,-492,-466,-607,-607,-967,-972,-963,-962]} 1. d4 Nf6 2. c4 g6 3. Nc3 d5 4. Bf4 Bg7 5. e3 O-O 6. Nf3 c5 7. dxc5 Qa5 8. Rc1 Rd8 9. Nd2 {Threatens to win with Nb3. D93: Grünfeld: 4 Nf3 Bg7 5 Bf4 0-0 6 e3} (9. Qa4 Qxc5 10. b4 Qc6 11. Qa3 dxc4 12. b5 Qb6 13. Bxc4 Be6 14. Bxe6 Qxe6 15. O-O Nbd7 16. Ng5 Qf5 17. Qxe7 Nh5 {½-½ (57) Ivanchuk,V (2757)-Carlsen,M (2872) London 2013}) 9... dxc4 10. Bxc4 Na6 11. Qb3 $146 (11. a3 $14 {stays ahead.}) ({Predecessor:} 11. a3 Qxc5 12. b4 Qh5 13. Qxh5 Nxh5 14. Bg5 Nf6 15. Ke2 Nc7 16. Rhd1 Be6 17. Bxe6 Nxe6 18. Bh4 {½-½ (18) Vallifuoco,G (2285)-Stone,R (2305) Dubai 1986}) 11... Nxc5 $17 12. Qb5 Qxb5 13. Nxb5 {[#]} Bf5 $1 14. Bxf7+ $2 {[%mdl 8192]} (14. Nd4 $17 {is tougher.}) 14... Kxf7 $19 {Black is clearly winning.} 15. Rxc5 {[#]} Rxd2 $1 {[%mdl 576] Remove Defender, Decoy} 16. Kxd2 {Black must now prevent Ke2.} Ne4+ {[%mdl 64] Double Attack, Discovered Attack} 17. Kc1 {And now Rc7 would win.} Nxc5 18. Nd4 Bxd4 19. exd4 Nd3+ {[%mdl 64] Double Attack} 0-1

[Event "Bergen Grand Prix 2019"]
[Site "Bergen"]
[Date "2019.11.16"]
[Round "2.5"]
[White "Mansoor, Afras"]
[Black "Johannessen, Heine N"]
[Result "1-0"]
[WhiteElo "2115"]
[BlackElo "1772"]
[Annotator "TA"]
[PlyCount "161"]
[EventDate "2019.11.15"]
[EventType "swiss"]
[EventCountry "NOR"]
[SourceTitle "playchess.com"]
[Source "ChessBase"]
[SourceQuality "1"]

{[%evp 9,169,99,105,107,116,108,128,75,111,40,26,38,55,62,51,0,0,-47,-74,-70,-14,-7,-3,-23,0,-25,0,0,57,35,52,43,72,68,67,54,49,0,65,18,11,0,0,0,0,0,0,0,0,0,27,38,27,27,32,29,53,0,0,-19,15,0,54,47,43,26,63,16,75,54,193,187,993,990,1025,933,1211,1203,1149,1137,1016,729,666,637,1040,1053,966,958,755,298,309,300,280,293,292,286,268,254,237,195,226,218,203,178,171,158,342,195,394,406,739,717,464,455,5097,5097,4706,3506,29984,29983,29975,829,1356,176,347,347,347,347,346,117,5208,6609,5073,5093,12793,6709,12793,7059,5804,4906,29980,29981,29981,29982,29983,29984,29985,29986,29986,29985,29986,29987,29987,29985,29985,29986,29989,29990,29992,29993,29994,29995]} 1. d4 d5 2. c4 dxc4 3. e4 Nc6 4. Nf3 e6 (4... Bg4 5. d5 Ne5 6. Bf4 Ng6 7. Be3 Nf6 8. Nc3 e5 9. Bxc4 a6 10. Be2 Bd6 11. O-O O-O 12. Nd2 Bxe2 13. Qxe2 Qd7 14. Rac1 b5 15. f3 Nf4 16. Qd1 {1-0 (51) Le,Q (2708)-Artemiev,V (2746) Khanty-Mansiysk 2019}) 5. Bxc4 Nf6 6. Nc3 {D20: Queen's Gambit Accepted: 3 e3 and 3 e4} Be7 7. O-O O-O 8. Be3 ({Better is} 8. a3) 8... a6 9. a4 (9. h3 $16) 9... b6 $146 ({Predecessor:} 9... Na5 10. Bd3 b6 11. e5 Ne8 12. Ne4 Bb7 13. Neg5 g6 14. Ne4 Nc4 15. Bc1 Bd5 16. Nc3 c5 17. Nxd5 Qxd5 {1-0 (49) Valdes Escobar,A (2303)-Ulloa Bustos,J (2118) Santiago de Chile 2007}) 10. Qe2 Na5 11. Ba2 Bb7 12. Qc2 (12. Bf4 $14) 12... Nc6 $11 13. Bc4 Nb4 14. Qb1 a5 ({Black should try} 14... c5 $15) 15. Rd1 Qc8 16. Ne5 Bd6 17. Bf4 Nh5 18. Be3 Kh8 (18... Nf6 $11) 19. f3 Qd8 20. Nd3 Qh4 21. e5 Be7 22. Nxb4 Bxb4 23. Ne4 h6 (23... Nf4 $11) 24. Qd3 Nf4 25. Qf1 Nd5 26. Bf2 Qe7 27. Rac1 Rfd8 28. Qd3 Bc6 29. Qc2 Rdc8 30. Ba2 Bb7 31. Bb1 g6 32. h4 $40 {[%mdl 128] Black needs to defend precisely.} h5 33. g3 (33. g4 $14) 33... Kg7 34. Qe2 Rd8 (34... Ba6 $5 {[%cal Ra6e2]} 35. Bd3 Bxd3 36. Qxd3 Qd7 $11) 35. Ba2 Qf8 (35... Ba6 $11 36. Bc4 Bxc4 37. Rxc4 Kh7) 36. Bxd5 Bxd5 37. Rxc7 {Black should prevent Rdc1.} Rac8 38. Rdc1 {And now Nf6 would win.} Be7 (38... Rxc7 $11 {keeps the balance.} 39. Rxc7 Rc8) 39. Qc2 {[%cal Rc7c8]} Bb7 (39... Rxc7 $14 40. Qxc7 Rb8) 40. Be3 $18 {Strongly threatening Qd2.} Rb8 $2 (40... Rxc7 41. Qxc7 {[%mdl 64] Double Attack} Bd5) 41. Qd2 Kh7 42. Bg5 Re8 43. Bxe7 Rxe7 44. Nf6+ Kg7 45. Qg5 {Rxe7 is the strong threat.} Rxc7 46. Rxc7 {Black must now prevent Nxh5+.} Qb4 47. Nxh5+ Kg8 48. Nf6+ Kg7 49. Qf4 $2 (49. Ne4 Qe1+ 50. Kg2 Qe2+ 51. Kh3 Qxf3 52. Qf6+ Qxf6 53. exf6+ (53. Nxf6 Bf3 $16) 53... Kg8 54. Ng5) 49... Qe1+ 50. Kg2 Qe2+ 51. Kh3 {Threatening mate with Nh5+!} Qxf3 52. Qxf3 Bxf3 {[%mdl 4096] Endgame [#] KRB-KRN} 53. g4 $1 Rd8 54. Rd7 Rc8 55. Kg3 Bc6 56. Rd6 Bxa4 57. Rxb6 Bd1 $2 (57... Bc6 $16 58. Kf4 Kh6) 58. Rb7 (58. Kf4 $142) 58... Kf8 $2 (58... Rd8 {was necessary.} 59. Kf4 Rxd4+ 60. Kg5 Rd8) 59. Ra7 a4 (59... Rd8 $142 60. h5 Kg7) 60. Kf4 Kg7 61. Kg5 Bb3 (61... Bf3 $142 62. h5 gxh5 63. gxh5 Rf8 64. Rxa4 Bd1) 62. h5 gxh5 63. gxh5 Bc2 64. h6+ Kf8 65. h7 (65. d5 $142 a3 66. dxe6 fxe6 67. h7 Bxh7 {[%mdl 64] Remove Defender} 68. Nxh7+ Kg8 69. Nf6+ Kf8 70. Kg6 Rc7 71. Rxc7 axb2 72. Rf7#) 65... Kg7 66. Kf4 $2 (66. d5 {dxe6 would kill now.} exd5 67. e6) 66... Bxh7 $2 (66... Bg6 {might work better.} 67. Kg5 (67. Rxa4 Bxh7 68. Kg5 Bd3 $16) 67... Bxh7) 67. Nxh7 ({Not} 67. Rxa4 Bc2 $16) 67... Kxh7 68. Rxf7+ {KR-KR} Kg8 {[#]} 69. Re7 $2 (69. Rd7 $1 $18 {is the precise move to win.}) 69... Rc6 $2 {[%mdl 8192]} (69... Rc4 $16) 70. Kg5 Rc4 71. Rd7 Rc2 72. Kg6 {[%cal Rd7d8]} Kf8 73. Kf6 {[%cal Rd7d8]} Ke8 74. Kxe6 Rxb2 75. d5 {White mates.} Rh2 76. Kd6 a3 77. Ra7 a2 78. e6 {[%cal Ra7a8]} Kf8 79. Ra8+ Kg7 80. e7 Re2 {[#]} 81. Kd7 {Played: Ra8xa2} 1-0

[Event "Bergen Grand Prix 2019"]
[Site "Bergen"]
[Date "2019.11.16"]
[Round "2.6"]
[White "Gronnestad, Anita"]
[Black "Kopperud, Vidar Aleksander"]
[Result "1-0"]
[WhiteElo "1952"]
[BlackElo "1770"]
[Annotator "NA RC"]
[PlyCount "99"]
[EventDate "2019.11.15"]
[EventType "swiss"]
[EventCountry "NOR"]
[SourceTitle "playchess.com"]
[Source "ChessBase"]
[SourceQuality "1"]
[TimeControl "40/5400:1800"]

{[%evp 8,99,21,31,26,8,16,9,21,28,31,10,30,8,39,14,65,64,68,45,88,56,83,90,72,78,66,20,34,20,151,172,175,180,185,182,297,317,319,221,241,229,237,239,239,235,224,247,237,212,247,248,196,236,208,233,266,290,270,293,269,32767,230,200,332,399,343,32767,345,473,389,460,32767,32767,32767,32767,455,469,453,511,776,842,701,800,931,1164,787,1668,928,1567,1054,1335,29980,29981]} 1. d4 {[%emt 0:00:03]} Nf6 {[%emt 0:00:09]} 2. c4 {[%emt 0:00:16]} e6 {[%emt 0:00:08]} 3. g3 {[%emt 0:00:05]} Bb4+ {[%emt 0:00:39]} 4. Bd2 {[%emt 0:00:11]} Qe7 {[%emt 0:00:15]} 5. Bg2 {[%emt 0:00:10]} O-O {[%emt 0:06:02]} 6. a3 {[%emt 0:00:44] E00: Catalan Bogo-Indian (3 g3 Bb4+)} (6. Nf3 b6 7. Ne5 d5 8. O-O Bxd2 9. Nxd2 Bb7 10. cxd5 exd5 11. Rc1 c5 12. Qa4 Rc8 13. Rfe1 Na6 14. e4 {½-½ (37) Bachmann,A (2646)-Granda Zuniga,J (2658) Buenos Aires 2017}) 6... Bxd2+ {[%emt 0:02:04]} 7. Nxd2 {[%emt 0:00:08]} d6 {[%emt 0:04:22]} 8. e3 {[%emt 0:02:02]} Nbd7 $146 {[%emt 0:03:27]} ({Predecessor:} 8... e5 9. Ne2 c6 10. O-O Bg4 11. Nf3 e4 12. Nd2 d5 13. h3 Bf5 {0-1 (63) Van Putten,H (2271)-Wempe,J (2298) Netherlands 2008}) 9. Qc2 {[%emt 0:01:45]} a5 {[%emt 0:04:31]} 10. Ne2 {[%emt 0:01:09]} e5 {[%emt 0:07:27]} 11. O-O {[%emt 0:01:57]} Ra7 {[%emt 0:10:12]} 12. Nc3 {[%emt 0:02:15]} c6 {[%emt 0:03:10]} 13. b4 {[%emt 0:04:26]} Nb6 {[%emt 0:04:04]} 14. b5 {[%emt 0:07:56]} Bd7 {[%emt 0:02:45]} 15. Rab1 {[%emt 0:04:35]} c5 {[%emt 0:03:15]} 16. Rfe1 {[%emt 0:01:56]} Be6 {[%emt 0:02:53]} 17. d5 {[%emt 0:05:00]} Bg4 {[%emt 0:02:55]} 18. h3 {[%emt 0:03:39]} Bh5 {[%emt 0:01:04] [#]} (18... Bd7 $11 {remains equal.}) 19. f4 $1 {[%emt 0:00:39]} h6 {[%emt 0:10:32] [#]} 20. f5 $1 {[%emt 0:00:45]} Nbd7 {[%emt 0:03:37]} 21. g4 {[%emt 0:01:16]} Bxg4 {[%emt 0:00:12]} (21... Nxg4 $142 22. hxg4 Bxg4) 22. hxg4 {[%emt 0:00:08]} Nxg4 {[%emt 0:00:10]} 23. Nf3 {[%emt 0:00:48]} b6 {[%emt 0:01:49]} 24. Bh3 {[%emt 0:00:45]} Ngf6 {[%emt 0:01:41]} 25. Ne4 {[%emt 0:01:26]} Nxe4 {[%emt 0:00:43]} 26. Qxe4 {[%emt 0:00:08]} Nf6 {[%emt 0:00:32]} 27. Qh4 {[%emt 0:00:22]} e4 {[%emt 0:01:11]} 28. Nh2 {[%emt 0:01:26]} Nxd5 {[%emt 0:01:12]} 29. Qxe7 {[%emt 0:02:30]} Nxe7 {[%emt 0:00:02]} 30. Rbd1 {[%emt 0:00:31]} Rd8 {[%emt 0:00:53]} 31. Ng4 {[%emt 0:00:59]} Nxf5 {[%emt 0:02:23] [#]} 32. Nf6+ $1 {[%emt 0:01:44]} gxf6 {[%emt 0:00:11]} 33. Bxf5 {[%emt 0:01:48]} Re7 {[%emt 0:00:24]} 34. Rd5 {[%emt 0:01:00]} Re5 {[%emt 0:01:31]} 35. Red1 {[%emt 0:00:35]} Rxd5 {[%emt 0:00:42]} (35... Kf8 $142 36. Rxe5 fxe5 37. Bxe4 Ke7) 36. Rxd5 {[%emt 0:00:11]} Kf8 {[%emt 0:00:39]} 37. Kf2 {[%emt 0:00:25]} Ke7 {[%emt 0:00:16]} 38. Bxe4 {[%emt 0:00:48]} Rh8 {[%emt 0:01:00]} 39. Rh5 {[%emt 0:00:43]} Ke6 {[%emt 0:00:12]} 40. Bd5+ {[%emt 0:00:27]} Ke7 {[%emt 0:00:02]} 41. Kf3 {[%emt 0:32:28]} Kf8 {[%emt 0:04:10]} 42. Kf4 {[%emt 0:00:00]} Kg7 {[%emt 0:00:33]} 43. Rh3 {[%emt 0:00:00]} Re8 {[%emt 0:01:57]} (43... h5 $142 44. Bf3 h4) 44. Rg3+ {[%emt 0:00:00]} Kf8 {[%emt 0:01:37]} 45. Kf5 {[%emt 0:00:00]} Ke7 {[%emt 0:02:06]} 46. Rg7 {[%emt 0:00:00]} Rf8 {[%emt 0:00:26]} 47. Rh7 {[%emt 0:00:00]} h5 {[%emt 0:00:40]} 48. Rxh5 {[%emt 0:00:00]} Rg8 {[%emt 0:00:24]} 49. Rh7 {[%emt 0:00:00]} Rf8 {[%emt 0:03:21]} 50. a4 {[%emt 0:00:00]} 1-0

[Event "Bergen Grand Prix 2019"]
[Site "Bergen"]
[Date "2019.11.16"]
[Round "2.7"]
[White "Rasmussen, Jonas H"]
[Black "Solheim, Per Otto"]
[Result "1/2-1/2"]
[WhiteElo "1951"]
[BlackElo "1752"]
[Annotator "NA RC"]
[PlyCount "80"]
[EventDate "2019.11.15"]
[EventType "swiss"]
[EventCountry "NOR"]
[SourceTitle "playchess.com"]
[Source "ChessBase"]
[SourceQuality "1"]
[TimeControl "40/5400:1800"]

{[%evp 8,75,16,13,7,0,39,22,62,15,18,6,21,25,15,16,22,-1,6,-16,16,-19,-7,-23,-6,-88,-96,-92,-102,-98,-98,-127,-118,-160,-138,-171,-135,-145,-141,-209,-210,-229,-159,-258,-231,-277,-143,-147,-133,-89,-87,-565,-95,-106,-97,-454,-773,-427,-609,-526,-87,32767,-40,-38,32767,32767,32767,32767,32767,0]} 1. d4 {[%emt 0:00:02]} d5 {[%emt 0:00:33]} 2. Nf3 {[%emt 0:00:07]} Nf6 {[%emt 0:00:42]} 3. g3 {[%emt 0:00:12]} c6 {[%emt 0:00:55]} 4. Bg2 {[%emt 0:00:17]} Bf5 {[%emt 0:00:39]} 5. O-O {[%emt 0:00:22]} e6 {[%emt 0:00:18]} 6. c4 {[%emt 0:01:57]} Bd6 {[%emt 0:01:14]} 7. Nc3 {[%emt 0:01:32]} Nbd7 {[%emt 0:00:56]} 8. Nd2 {[%emt 0:02:16] D11: Slav Defence: 3 Nf3 sidelines and 3...Nf6 4 e3 Bg4} O-O {[%emt 0:00:29]} 9. b3 {[%emt 0:02:17]} (9. e4 dxe4 10. Ndxe4 Nxe4 11. Nxe4 Bxe4 12. Bxe4 Nf6 13. Bf3 Qa5 14. Qb3 Qb6 15. Qc2 c5 16. dxc5 Bxc5 {½-½ (72) Zhou,J (2620)-Li,C (2758) Wuxi 2016}) 9... Rb8 $146 {[%emt 0:05:13]} ({Predecessor:} 9... Bg6 10. Bb2 Be7 11. a3 Qc7 12. Rc1 Rad8 13. cxd5 exd5 14. Nxd5 Nxd5 15. Bxd5 Bf6 {1-0 (43) Ustianovich,N (2258)-Shast,V (2139) Ukraine 2000}) 10. Bb2 {[%emt 0:04:08]} b5 {[%emt 0:01:52]} 11. c5 {[%emt 0:02:29]} Bc7 {[%emt 0:00:03]} 12. b4 {[%emt 0:01:18]} e5 {[%emt 0:01:23]} 13. Nb3 {[%emt 0:08:34]} e4 {[%emt 0:02:09]} 14. e3 {[%emt 0:04:40]} Qe7 {[%emt 0:03:58]} 15. Ne2 {[%emt 0:02:00]} g5 {[%emt 0:07:34]} 16. Bc3 {[%emt 0:03:31]} (16. a4 $11) 16... Qe6 {[%emt 0:02:15]} 17. a4 {[%emt 0:02:18] [#]} a6 $1 {[%emt 0:03:49]} 18. axb5 {[%emt 0:01:02]} axb5 {[%emt 0:00:01]} 19. Ra7 {[%emt 0:04:02]} Rbc8 {[%emt 0:00:09]} 20. Qd2 {[%emt 0:02:20]} (20. Nd2 $142) 20... Bh3 {[%emt 0:12:36]} 21. Rfa1 {[%emt 0:04:44]} Bxg2 {[%emt 0:00:10]} 22. Kxg2 {[%emt 0:00:06]} h5 {[%emt 0:04:59]} 23. Ng1 {[%emt 0:02:51]} (23. Na5 $17) 23... h4 {[%emt 0:05:12]} 24. Qe2 {[%emt 0:05:41]} Kg7 {[%emt 0:05:29]} 25. Nh3 {[%emt 0:06:12]} (25. Be1 $17) 25... Qf5 {[%emt 0:06:09]} 26. Rh1 {[%emt 0:03:37]} g4 {[%emt 0:19:10]} 27. Nf4 {[%emt 0:00:40]} h3+ {[%emt 0:00:01]} 28. Kf1 {[%emt 0:00:24]} Bxf4 {[%emt 0:00:06]} 29. exf4 $2 {[%emt 0:00:35] [#]} (29. gxf4 $15 Ra8 30. Ra5) 29... Ra8 $2 {[%emt 0:00:01]} (29... e3 $1 $19 {[%mdl 512] is more deadly.} 30. Nc1 (30. Qxe3 Rce8) 30... Ra8 31. Rxd7 Nxd7) 30. Rxa8 {[%emt 0:00:54]} Rxa8 {[%emt 0:00:01]} 31. Na5 $2 {[%emt 0:00:20] [#]} (31. Qe3 $17) 31... e3 $1 {[%emt 0:00:51]} 32. fxe3 {[%emt 0:00:42]} Qb1+ {[%emt 0:00:07]} 33. Be1 {[%emt 0:01:44]} Qe4 $2 {[%emt 0:00:03]} (33... Nf8 $19 34. Kg1 Ra6) 34. Rg1 {[%emt 0:00:40] [#]} Qe6 {[%emt 0:00:14]} (34... Nf8 $1 $17 35. Kf2 (35. Nxc6 $2 Ra1 $19) 35... Ng6) 35. Qd3 {[%emt 0:01:09]} Ne4 {[%emt 0:00:01]} 36. Ke2 {[%emt 0:01:23]} f5 {[%emt 0:00:01]} 37. Bd2 {[%emt 0:01:44]} Kg6 {[%emt 0:00:01]} 38. Bc3 $11 {[%emt 0:02:59]} Ra6 {[%emt 0:00:04]} 39. Ra1 {[%emt 0:02:34]} Ndf6 {[%emt 0:00:05]} 40. Be1 {[%emt 0:00:58]} Qe8 {[%emt 0:00:13]} 1/2-1/2

[Event "Bergen Grand Prix 2019"]
[Site "Bergen"]
[Date "2019.11.16"]
[Round "2.8"]
[White "Lie, Bjorn"]
[Black "Jacobsen, Hans-Henry"]
[Result "0-1"]
[WhiteElo "1456"]
[BlackElo "1646"]
[Annotator "NA RC"]
[PlyCount "60"]
[EventDate "2019.11.15"]
[EventType "swiss"]
[EventCountry "NOR"]
[SourceTitle "playchess.com"]
[Source "ChessBase"]
[SourceQuality "1"]
[TimeControl "40/5400:1800"]

1. d4 {[%emt 0:00:02]} Nf6 {[%emt 0:00:02]} 2. c4 {[%emt 0:00:14]} c5 {[%emt 0:00:06]} 3. d5 {[%emt 0:00:08]} b5 {[%emt 0:00:05]} 4. cxb5 {[%emt 0:00:07]} a6 {[%emt 0:00:09]} 5. e3 {[%emt 0:00:12]} g6 {[%emt 0:00:41]} 6. Nc3 {[%emt 0:01:07]} Bg7 {[%emt 0:00:10]} 7. Nf3 {[%emt 0:01:34]} d6 {[%emt 0:00:26]} 8. Qc2 {[%emt 0:03:59]} O-O {[%emt 0:00:33]} 9. Be2 {[%emt 0:03:06]} Nbd7 {[%emt 0:00:26]} 10. O-O {[%emt 0:02:18]} Ng4 {[%emt 0:00:27]} 11. e4 {[%emt 0:07:09]} Nge5 {[%emt 0:01:05]} 12. Nd2 {[%emt 0:11:33]} Nb6 {[%emt 0:00:10]} 13. f4 {[%emt 0:07:39]} Ned7 {[%emt 0:11:38]} 14. Nf3 {[%emt 0:05:39]} axb5 {[%emt 0:00:22]} 15. Bxb5 {[%emt 0:03:03]} Ba6 {[%emt 0:00:08]} 16. a4 {[%emt 0:04:48]} Bxc3 {[%emt 0:08:48]} 17. Bxa6 {[%emt 0:00:19]} Bg7 {[%emt 0:02:42]} 18. Bb5 {[%emt 0:00:12]} Qc7 {[%emt 0:03:03]} 19. Bd2 {[%emt 0:04:43]} Nc8 {[%emt 0:02:58]} 20. Bc6 {[%emt 0:02:27]} Rb8 {[%emt 0:00:44]} 21. Bc3 {[%emt 0:00:14]} Na7 {[%emt 0:00:14]} 22. Bxg7 {[%emt 0:00:43]} Kxg7 {[%emt 0:00:07]} 23. Qc3+ {[%emt 0:00:18]} Kg8 {[%emt 0:00:01]} 24. Bxd7 {[%emt 0:00:38]} Qxd7 {[%emt 0:00:07]} 25. Rfb1 {[%emt 0:00:19]} Rb4 {[%emt 0:00:54]} 26. Nd2 {[%emt 0:01:52]} Rxa4 {[%emt 0:01:11]} 27. Rxa4 {[%emt 0:00:36]} Qxa4 {[%emt 0:00:07]} 28. Qa3 {[%emt 0:00:18]} Qd4+ {[%emt 0:01:11]} 29. Kf1 {[%emt 0:00:39]} Qxd2 {[%emt 0:00:10]} 30. Qxa7 {[%emt 0:00:13]} Qd3+ {[%emt 0:00:06]} 0-1

[Event "Bergen Grand Prix 2019"]
[Site "Bergen"]
[Date "2019.11.16"]
[Round "2.9"]
[White "Sorhus, Jostein"]
[Black "Hoyforsslett, Gard Rye"]
[Result "1-0"]
[WhiteElo "1630"]
[BlackElo "1531"]
[Annotator "NA RC"]
[PlyCount "103"]
[EventDate "2019.11.15"]
[EventType "swiss"]
[EventCountry "NOR"]
[SourceTitle "playchess.com"]
[Source "ChessBase"]
[SourceQuality "1"]
[TimeControl "40/5400:1800"]

1. c4 {[%emt 0:00:03]} e5 {[%emt 0:10:08]} 2. g3 {[%emt 0:00:15]} f5 {[%emt 0:00:34]} 3. d3 {[%emt 0:00:37]} Nf6 {[%emt 0:00:11]} 4. Bg5 {[%emt 0:01:03]} g6 {[%emt 0:01:13]} 5. Bg2 {[%emt 0:00:23]} Bg7 {[%emt 0:00:12]} 6. Nc3 {[%emt 0:00:16]} O-O {[%emt 0:01:16]} 7. Nf3 {[%emt 0:02:04]} d6 {[%emt 0:00:05]} 8. O-O {[%emt 0:05:56]} Nbd7 {[%emt 0:00:01]} 9. Rc1 {[%emt 0:02:43]} Qe8 {[%emt 0:01:13]} 10. Nd2 {[%emt 0:03:14]} Rb8 {[%emt 0:01:17]} 11. Nb5 {[%emt 0:05:02]} Qd8 {[%emt 0:02:32]} 12. Nxa7 {[%emt 0:02:34]} Ra8 {[%emt 0:00:04]} 13. Nxc8 {[%emt 0:00:34]} Qxc8 {[%emt 0:00:01]} 14. a3 {[%emt 0:05:25]} h6 {[%emt 0:04:17]} 15. Bxf6 {[%emt 0:00:27]} Nxf6 {[%emt 0:00:15]} 16. Qb3 {[%emt 0:01:30]} c6 {[%emt 0:02:31]} 17. e3 {[%emt 0:02:22]} Rb8 {[%emt 0:00:49]} 18. f4 {[%emt 0:05:39]} exf4 {[%emt 0:02:00]} 19. exf4 {[%emt 0:02:52]} Ng4 {[%emt 0:02:23]} 20. Nf3 {[%emt 0:02:18]} Ne3 {[%emt 0:01:22]} 21. Rfe1 {[%emt 0:00:52]} Nxg2 {[%emt 0:00:13]} 22. Kxg2 {[%emt 0:00:36]} Re8 {[%emt 0:00:38]} 23. Rxe8+ {[%emt 0:00:47]} Qxe8 {[%emt 0:00:02]} 24. Re1 {[%emt 0:00:13]} Qd7 {[%emt 0:00:09]} 25. Qc2 {[%emt 0:05:27]} b5 {[%emt 0:01:56]} 26. Kh3 {[%emt 0:02:28]} bxc4 {[%emt 0:01:35]} 27. Qxc4+ {[%emt 0:01:58]} d5 {[%emt 0:00:16]} 28. Qc5 {[%emt 0:01:08]} Rb5 {[%emt 0:21:35]} 29. Qe3 {[%emt 0:15:14]} Rxb2 {[%emt 0:04:27]} 30. d4 {[%emt 0:00:33]} Rb7 {[%emt 0:12:29]} 31. Ne5 {[%emt 0:01:22]} Bxe5 {[%emt 0:01:11]} 32. Qxe5 {[%emt 0:00:49]} Ra7 {[%emt 0:02:57]} 33. Qf6 {[%emt 0:01:06]} Qf7 {[%emt 0:01:51]} 34. Qxc6 {[%emt 0:04:47]} Rxa3 {[%emt 0:00:11]} 35. Re6 {[%emt 0:01:17]} Kg7 {[%emt 0:01:58]} 36. Qxd5 {[%emt 0:01:56]} Ra7 {[%emt 0:00:36]} 37. Qe5+ {[%emt 0:00:26]} Kf8 {[%emt 0:00:36]} 38. Qh8+ {[%emt 0:00:46]} Qg8 {[%emt 0:00:05]} 39. Re8+ {[%emt 0:00:15]} Kxe8 {[%emt 0:00:10]} 40. Qxg8+ {[%emt 0:00:08]} Ke7 {[%emt 0:00:06]} 41. Qg7+ {[%emt 0:30:07]} Ke6 {[%emt 0:30:04]} 42. Qxa7 {[%emt 0:00:08]} g5 {[%emt 0:00:04]} 43. Qb7 {[%emt 0:01:13]} g4+ {[%emt 0:00:10]} 44. Kh4 {[%emt 0:00:13]} Kf6 {[%emt 0:00:12]} 45. Qc6+ {[%emt 0:00:13]} Kg7 {[%emt 0:00:04]} 46. Qe8 {[%emt 0:00:00]} Kf6 {[%emt 0:00:00]} 47. d5 {[%emt 0:00:00]} h5 {[%emt 0:00:00]} 48. d6 {[%emt 0:00:00]} Kg7 {[%emt 0:00:00]} 49. d7 {[%emt 0:00:00]} Kh6 {[%emt 0:00:00]} 50. d8=Q {[%emt 0:00:00]} Kh7 {[%emt 0:00:00]} 51. Qg8+ {[%emt 0:00:00]} Kh6 {[%emt 0:00:00]} 52. Qdg5# {[%emt 0:00:00]} 1-0

[Event "Bergen Grand Prix 2019"]
[Site "Bergen"]
[Date "2019.11.16"]
[Round "2.10"]
[White "Sivertsen, Jarle"]
[Black "Vagenes, Anders Hjollo"]
[Result "1-0"]
[WhiteElo "1597"]
[BlackElo "1439"]
[Annotator "NA RC"]
[PlyCount "47"]
[EventDate "2019.11.15"]
[EventType "swiss"]
[EventCountry "NOR"]
[SourceTitle "playchess.com"]
[Source "ChessBase"]
[SourceQuality "1"]
[TimeControl "40/5400:1800"]

1. e4 {[%emt 0:00:04]} c5 {[%emt 0:00:04]} 2. Nf3 {[%emt 0:01:16]} d6 {[%emt 0:00:07]} 3. d4 {[%emt 0:01:12]} cxd4 {[%emt 0:00:09]} 4. Nxd4 {[%emt 0:00:01]} Nf6 {[%emt 0:00:13]} 5. Nc3 {[%emt 0:00:05]} a6 {[%emt 0:00:04]} 6. Bc4 {[%emt 0:02:49]} e6 {[%emt 0:00:41]} 7. O-O {[%emt 0:00:34]} b5 {[%emt 0:03:10]} 8. Bb3 {[%emt 0:00:05]} b4 {[%emt 0:03:30]} 9. Na4 {[%emt 0:00:05]} Nxe4 {[%emt 0:01:32]} 10. Re1 {[%emt 0:00:37]} d5 {[%emt 0:06:05]} 11. Qf3 {[%emt 0:05:27]} Be7 {[%emt 0:02:37]} 12. Rxe4 {[%emt 0:02:16]} dxe4 {[%emt 0:01:16]} 13. Qxe4 {[%emt 0:00:11]} Ra7 {[%emt 0:01:41]} 14. Be3 {[%emt 0:09:40]} Rd7 {[%emt 0:09:28]} 15. c3 {[%emt 0:03:48]} Bb7 {[%emt 0:00:41]} 16. Qg4 {[%emt 0:01:19]} Kf8 {[%emt 0:09:23]} 17. Bxe6 {[%emt 0:04:05]} Rd6 {[%emt 0:03:57]} 18. Nf5 {[%emt 0:02:07]} fxe6 {[%emt 0:08:02]} 19. Qxg7+ {[%emt 0:00:45]} Ke8 {[%emt 0:00:36]} 20. Qxh8+ {[%emt 0:00:55]} Bf8 {[%emt 0:03:43]} 21. Nxd6+ {[%emt 0:00:13]} Qxd6 {[%emt 0:00:28]} 22. Bc5 {[%emt 0:00:20]} Qd5 {[%emt 0:02:21]} 23. Qxf8+ {[%emt 0:00:07]} Kd7 {[%emt 0:00:14]} 24. Nb6+ {[%emt 0:00:46]} 1-0

[Event "Bergen Grand Prix 2019"]
[Site "Bergen"]
[Date "2019.11.16"]
[Round "2.11"]
[White "Holten, Terje"]
[Black "Tenfjord Engelsen, Teodor"]
[Result "0-1"]
[WhiteElo "1155"]
[BlackElo "1349"]
[Annotator "NA RC"]
[PlyCount "36"]
[EventDate "2019.11.15"]
[EventType "swiss"]
[EventCountry "NOR"]
[SourceTitle "playchess.com"]
[Source "ChessBase"]
[SourceQuality "1"]
[TimeControl "40/5400:1800"]

1. e4 {[%emt 0:00:03]} e5 {[%emt 0:00:04]} 2. Nf3 {[%emt 0:00:06]} Nc6 {[%emt 0:00:06]} 3. Bc4 {[%emt 0:00:06]} Nf6 {[%emt 0:00:08]} 4. Ng5 {[%emt 0:00:19]} d5 {[%emt 0:00:06]} 5. exd5 {[%emt 0:00:05]} Na5 {[%emt 0:00:06]} 6. Bb5+ {[%emt 0:00:12]} c6 {[%emt 0:00:09]} 7. dxc6 {[%emt 0:00:49]} bxc6 {[%emt 0:00:06]} 8. Be2 {[%emt 0:00:58]} h6 {[%emt 0:00:07]} 9. Nf3 {[%emt 0:00:46]} e4 {[%emt 0:00:07]} 10. Ne5 {[%emt 0:01:47]} Bc5 {[%emt 0:00:12]} 11. O-O {[%emt 0:04:46]} Qd4 {[%emt 0:05:44]} 12. Ng4 {[%emt 0:03:22]} Bxg4 {[%emt 0:00:19]} 13. Bxg4 {[%emt 0:00:13]} e3 {[%emt 0:00:17]} 14. Qe2 {[%emt 0:03:56]} Qxg4 {[%emt 0:04:27]} 15. f3 {[%emt 0:00:54]} Qe6 {[%emt 0:00:34]} 16. c3 {[%emt 0:00:34]} exd2+ {[%emt 0:00:24]} 17. Qf2 {[%emt 0:01:02]} Bxf2+ {[%emt 0:00:00]} 18. Rxf2 {[%emt 0:00:00]} Qe1+ {[%emt 0:00:41]} 0-1